Piano works

Hlavní autor: Kahánek, Ivo, 1979-
Další autoři: Janáček, Leoš, 1854-1928., Kabeláč, Miloslav, 1908-1979., Martinů, Bohuslav, 1890-1959., Janáček, Leoš, 1854-1928.
Vydáno: Praha : Supraphon, p2008
Témata:
Fyzický popis: 1 zvuková deska (68:37) : digital, stereo ; 12 cm + 1 brožura (36 s.)
Zvukové nahrávky
Uloženo v:
LEADER 01963njm a2200469 a 4500
001 000927478
003 CZ BrMZK
005 20210407080942.0
007 sd fsngnnmmned
008 090120s2008 xr mun g ef d
028 3 1 |a SU 3945-2  |b Supraphon Music 
040 |a BOA001  |b cze 
041 0 |g eng  |g ger  |g fre  |g cze 
047 |a sn  |a pr  |a fg 
048 |a ka01 
072 7 |a 786  |x Hudba pro klávesové nástroje  |2 Konspekt  |9 9 
080 |a 786.2.082.2  |2 MRF 
080 |a 78.083.2  |2 MRF 
080 |a 786.2.083.2  |2 MRF 
080 |a (086.76)  |2 MRF 
100 1 |a Kahánek, Ivo,  |d 1979-  |7 pna2005311719  |4 itr 
245 1 0 |a Piano works  |h [zvukový záznam] /  |c Leoš Janáček, Bohuslav Martinů, Miloslav Kabeláč 
260 |a Praha :  |b Supraphon,  |c p2008 
300 |a 1 zvuková deska (68:37) :  |b digital, stereo ;  |c 12 cm +  |e 1 brožura (36 s.) 
306 |a 010837 
500 |a Kompaktní deska (DDD) 
500 |a Světová premiéra nahrávky Tři fugy 
505 0 |a Sonáta es moll, 1.X. 1905 "Z ulice" / Leoš Janáček -- Osm preludií / Miloslav Kabeláč -- Sonáta pro klavír / Bohuslav Martinů -- Tři fugy / Leoš Janáček 
511 0 |a Ivo Kahánek, klavír 
518 |a Nahráno digitálně ve studiu Bohemia Music 22. a 25.5., 8., 14. a 23.6.2008 
650 0 7 |a sonáty (klavír)  |7 ph125842  |2 czenas 
650 0 7 |a preludia (klavír)  |7 ph501484  |2 czenas 
650 0 7 |a fugy (klavír)  |7 ph315453  |2 czenas 
655 7 |a kompaktní desky  |7 fd201991  |2 czenas 
700 1 2 |a Janáček, Leoš,  |d 1854-1928.  |t Sonáta 1.X.1905  |7 aun2006373003 
700 1 2 |a Kabeláč, Miloslav,  |d 1908-1979.  |t Preludia,  |m klavír,  |n op. 30 
700 1 2 |a Martinů, Bohuslav,  |d 1890-1959.  |t Sonáty,  |m klavír  |7 aun2008483920 
700 1 2 |a Janáček, Leoš,  |d 1854-1928.  |t Fugy,  |m klavír  |7 aun2009542318 
910 |a BOA001  |b CD-0015.009 
990 |a AV 
991 |b 200901 
996 6 |b 261H016670  |c CD-0015.009  |l MZK  |r Sklad / do 24 hodin  |n 0  |w 000927478  |u 000010  |a 1  |e BOA001  |j MZK50  |s P